| 000 | 00405nam a2200145Ia 4500 | ||
|---|---|---|---|
| 008 | 210210b2001 xxu||||| |||| 00| 0 eng d | ||
| 082 | _a510.02 MCCK | ||
| 100 | _aMCC Publications. | ||
| 245 | _aKarnataka common entrance test 2001: mathematics. | ||
| 260 |
_aBangalore. _bMCC Publications., _c2001 |
||
| 300 | _ax,508 | ||
| 650 | _aMCC, CET Mathematics | ||
| 690 | _aMaths Entran | ||
| 906 | _a0564 | ||
| 999 |
_c103875 _d103875 |
||